| 000 | 00757nam a2200217 i 4500 | ||
|---|---|---|---|
| 001 | 89431 | ||
| 003 | ES-MaACL | ||
| 005 | 20250808062725.0 | ||
| 007 | t| | ||
| 008 | 050110s1979 sp ||||1| spa d | ||
| 100 | 1 |
_aLa Potterie, Ignace de. _969175 |
|
| 245 | 1 | 3 |
_aLa verdad de Jesús _b: estudios de cristología joanea / _cpor Ignacio de la Potterie ; [artículos traducidos por Gonzalo Haya]. |
| 260 |
_aMadrid : _bLa Editora Católica, _c1979. |
||
| 300 |
_aX, 330 p., 1 h. ; _c20 cm. |
||
| 490 | 1 |
_aBiblioteca de autores cristianos ; _v405 |
|
| 700 | 1 |
_aHaya, Gonzalo. _962182 |
|
| 830 | 0 | 0 |
_aBiblioteca de autores cristianos _v405 _9178679 |
| 852 |
_aES-MaACL _jA-10671 _bR.100134 |
||
| 852 |
_aES-MaACL _jJ-396 _9R.46092 |
||
| 999 |
_c89431 _d89431 |
||